CUADERNO DE TRABAJO: QUÍMICA ORGÁNICA (Registro nro. 237283)
[ vista simple ]
| 000 -LEADER | |
|---|---|
| campo de control de longitud fija | 00451nam a2200193Ia 4500 |
| 005 - FECHA Y HORA DE LA ÚLTIMA TRANSACCIÓN | |
| campo de control | 20250425162828.0 |
| 008 - DATOS DE LONGITUD FIJA--INFORMACIÓN GENERAL | |
| campo de control de longitud fija | 250425s9999 xx 000 0 und d |
| 041 ## - CÓDIGO DE IDIOMA | |
| Código de lengua del texto/banda sonora o título independiente | spa |
| 044 ## - CÓDIGO DEL PAÍS DE LA ENTIDAD EDITORA/PRODUCTORA | |
| Código MARC del país | ec |
| 082 ## - NÚMERO DE LA CLASIFICACIÓN DECIMAL DEWEY | |
| Número de clasificación | 547 |
| Iniciales del Autor | ESC |
| 010 ## - NÚMERO DE CONTROL DE LA BIBLIOTECA DEL CONGRESO | |
| Número de control de LC | 110596 |
| 245 #0 - MENCIÓN DEL TÍTULO | |
| Título | CUADERNO DE TRABAJO: QUÍMICA ORGÁNICA |
| 250 ## - MENCION DE EDICION | |
| Mención de edición | 1A ED. |
| 264 ## - PRODUCCIÓN, PUBLICACIÓN, DISTRIBUCIÓN, FABRICACIÓN Y COPYRIGHT | |
| Producción, publicación, distribución, fabricación y copyright | Ecuador, GUAYAQUIL |
| Nombre del de productor, editor, distribuidor, fabricante | ESPOL |
| Fecha de producción, publicación, distribución, fabricación o copyright | 2017. |
| 300 ## - DESCRIPCIÓN FÍSICA | |
| Extensión | 52 |
| 650 ## - PUNTO DE ACCESO ADICIONAL DE MATERIA--TÉRMINO DE MATERIA | |
| Término de materia o nombre geográfico como elemento de entrada | CUADERNOS |
| 650 ## - PUNTO DE ACCESO ADICIONAL DE MATERIA--TÉRMINO DE MATERIA | |
| Término de materia o nombre geográfico como elemento de entrada | QUIMICA ORGANICA |
| 942 ## - ELEMENTOS DE ENTRADA SECUNDARIOS (KOHA) | |
| Tipo de ítem Koha | Libros |
| Estatus retirado | Estado de pérdida | Estado de daño | No para préstamo | Biblioteca de origen | Biblioteca actual | Fecha de adquisición | Coste, precio normal de compra | Etiqueta RFID | Total de préstamos | Código de barras | Visto por última vez | Fecha del último préstamo | Copia número | Tipo de ítem Koha | Total de renovaciones |
|---|---|---|---|---|---|---|---|---|---|---|---|---|---|---|---|
| CENTRO DE INFORMACIÓN BIBLIOTECARIA | CENTRO DE INFORMACIÓN BIBLIOTECARIA | 11/11/2019 | 10.00 | 0000000000000000034971 | 1 | D-109592 | 28/08/2025 | 27/08/2025 | 1 | Libros | |||||
| CENTRO DE INFORMACIÓN BIBLIOTECARIA | CENTRO DE INFORMACIÓN BIBLIOTECARIA | 11/11/2019 | 10.00 | 0000000000000000034970 | 1 | D-109593 | 22/01/2026 | 15/01/2026 | 2 | Libros | |||||
| CENTRO DE INFORMACIÓN BIBLIOTECARIA | CENTRO DE INFORMACIÓN BIBLIOTECARIA | 11/11/2019 | 10.00 | 0000000000000000034969 | 4 | D-109594 | 22/01/2026 | 15/01/2026 | 3 | Libros | |||||
| CENTRO DE INFORMACIÓN BIBLIOTECARIA | CENTRO DE INFORMACIÓN BIBLIOTECARIA | 11/11/2019 | 10.00 | 0000000000000000034968 | D-109595 | 4 | Libros | ||||||||
| CENTRO DE INFORMACIÓN BIBLIOTECARIA | CENTRO DE INFORMACIÓN BIBLIOTECARIA | 11/11/2019 | 10.00 | 0000000000000000034966 | 1 | D-109597 | 27/11/2025 | 18/11/2025 | 6 | Libros | |||||
| CENTRO DE INFORMACIÓN BIBLIOTECARIA | CENTRO DE INFORMACIÓN BIBLIOTECARIA | 11/11/2019 | 10.00 | 0000000000000000034965 | 3 | D-109598 | 16/09/2025 | 08/09/2025 | 7 | Libros | 1 | ||||
| CENTRO DE INFORMACIÓN BIBLIOTECARIA | CENTRO DE INFORMACIÓN BIBLIOTECARIA | 11/11/2019 | 10.00 | 0000000000000000034964 | D-109599 | 8 | Libros | ||||||||
| CENTRO DE INFORMACIÓN BIBLIOTECARIA | CENTRO DE INFORMACIÓN BIBLIOTECARIA | 11/11/2019 | 10.00 | 0000000000000000034963 | D-109600 | 9 | Libros | ||||||||
| CENTRO DE INFORMACIÓN BIBLIOTECARIA | CENTRO DE INFORMACIÓN BIBLIOTECARIA | 11/11/2019 | 10.00 | 0000000000000000034972 | 1 | D-109601 | 21/11/2025 | 18/11/2025 | 10 | Libros |